01030nam a2200337 u 450000100070000000500170000700800410002403500110006504000130007604100080008908200080009710000470010524500480015226000430020030000140024365000350025765000230029265000160031565000360033165000350036765000250040265000330042765000170046065000340047765000270051170000480053870000460058670000400063250200120067252600080068482327220260506095753.0030526s2003 ||||||m| spa  a823272 ccomduadb aspa 4a65810aFlórez Cardona, Gloria Fernely4auteaut10aDiagnostico logístico de Edatel S.A. ESP aMedellín :b[sin publicador],c2003. a127 hojas 7aLogística empresarial2embne aEDATEL S.A. E.S.P. aTelefonía aServicios de telecomunicaciones aTelevisión por suscripción aEstrategia comercial aEstrategias de mercadotecnia 7aCostos2lemb aTarifas de telecomunicaciones aTarifas de telefonía10aPalacio Bustamante, Jaime Alberto4auteaut10aSierra Restrepo, Diego Humberto4auteaut10aGutiérrez, Carlos Mario4thseths b193c17 a195